| 000 -LEADER |
| fixed length control field |
00867nam a2200277 a 4500 |
| 001 - CONTROL NUMBER |
| control field |
014619974 |
| 003 - CONTROL NUMBER IDENTIFIER |
| control field |
Uk |
| 005 - DATE AND TIME OF LATEST TRANSACTION |
| control field |
20250918095140.0 |
| 008 - FIXED-LENGTH DATA ELEMENTS--GENERAL INFORMATION |
| fixed length control field |
080519s2000 enka 000 1 eng |
| 020 ## - INTERNATIONAL STANDARD BOOK NUMBER |
| International Standard Book Number |
9780194789103 (pbk.) |
| 040 ## - CATALOGING SOURCE |
| Original cataloging agency |
Uk |
| Language of cataloging |
eng |
| Transcribing agency |
Uk |
| Modifying agency |
KH8 |
| 042 ## - AUTHENTICATION CODE |
| Authentication code |
ukblsr |
| 082 04 - DEWEY DECIMAL CLASSIFICATION NUMBER |
| Classification number |
428.6 JAC |
| Edition number |
22 |
| 100 1# - MAIN ENTRY--PERSONAL NAME |
| Personal name |
Jacobs, William Wymark, |
| Relator term |
author. |
| 245 14 - TITLE STATEMENT |
| Title |
The monkey's paw / |
| Statement of responsibility, etc. |
W. W. Jacobs ; retold by Diane Mowat. |
| 250 ## - EDITION STATEMENT |
| Edition statement |
Simplified ed., [2nd ed.]. |
| 260 ## - PUBLICATION, DISTRIBUTION, ETC. |
| Place of publication, distribution, etc. |
Oxford : |
| Name of publisher, distributor, etc. |
Oxford University Press, |
| Date of publication, distribution, etc. |
2000 |
| Date of manufacture |
(2008 printing) |
| 300 ## - PHYSICAL DESCRIPTION |
| Extent |
56 p. : |
| Other physical details |
ill. ; |
| Dimensions |
20 cm. |
| 336 ## - CONTENT TYPE |
| Content type term |
text |
| Source |
rdacontent |
| 337 ## - MEDIA TYPE |
| Media type term |
unmediated |
| Source |
rdamedia |
| 338 ## - CARRIER TYPE |
| Carrier type term |
volume |
| Source |
rdacarrier |
| 490 1# - SERIES STATEMENT |
| Series statement |
Oxford bookworms library. Stage 1, Fantasy & horror |
| 650 #0 - SUBJECT ADDED ENTRY--TOPICAL TERM |
| Topical term or geographic name entry element |
Readers. |
| 830 #0 - SERIES ADDED ENTRY--UNIFORM TITLE |
| Uniform title |
Oxford bookworms library. |
| Number of part/section of a work |
Stage 1, |
| Name of part/section of a work |
Fantasy & horror |
| 942 ## - ADDED ENTRY ELEMENTS (KOHA) |
| Source of classification or shelving scheme |
|
| Koha item type |
Teaching Resources |